00242nam a2200097Ia 4500008004000000082001600040100002300056245001200079260004500091300000800136210210b1991 xxu||||| |||| 00| 0 eng d a362.2K ASHM aASHOK PAI (Ke Ea). aManasa. aBengalurubDivyachandra Prakashanac1991 a333